| 000 | 01154nam a2200349 a 4500 | ||
|---|---|---|---|
| 001 | 000004526 | ||
| 003 | DO-SdBPM | ||
| 005 | 20260529090916.0 | ||
| 007 | 000004526 | ||
| 008 | 090723s2016 dr a 000 p spa d | ||
| 020 | _a9789945429244 | ||
| 040 |
_aDO-SdBPM _bspa _cBPMSU _erda |
||
| 082 | 0 | 4 |
_aRD861.44 _bS211s 2016 _222 |
| 092 | _a | ||
| 100 | 1 |
_aSánchez Beras, César, _d1962- |
|
| 245 | 1 | 0 |
_aEl sapito azul / _cCésar Sánchez Beras ; traducción Rhina P. Espaillat ; ilustraciones Baltasar Alí _b |
| 246 | 3 | 1 | _a |
| 260 |
_aSanto Domingo : _bLoqueleo, _c2016 |
||
| 300 |
_a55 p. ; _c22 cm. |
||
| 490 | 0 | _a | |
| 500 | _aIncluye datos biográficos del autor en la solapa de la cubierta | ||
| 546 | _aTexto en ingles y español | ||
| 586 | _aPremio de literatura infantil, Letras de Ultramar | ||
| 590 | _aInventariado, 2025/VM | ||
| 650 | 7 | _aPoesía infantil dominicana | |
| 650 | 7 | _aLiteratura infantil dominicana | |
| 650 | 7 | _aCertámenes literarios | |
| 700 | 1 |
_aAlí, Baltasar _eilustración |
|
| 700 | 1 |
_aEspaillat, Rhina P. _etraducción |
|
| 910 | _aVMateo V. Control de calidad BPMSU | ||
| 942 |
_2ddc _cBK |
||
| 999 |
_c15120 _d15120 |
||